[Event "EU-ch Blitz (Women)"]
[Site "Monaco"]
[Date "2024.01.12"]
[Round "13"]
[White "Follana Albelda, Lucia"]
[Black "Monpeurt, Cyrielle"]
[Result "1/2-1/2"]
[WhiteElo "1885"]
[BlackElo "2187"]
[PlyCount "84"]
[EventDate "2024.01.12"]
[EventType "swiss (blitz)"]
[EventRounds "13"]
[EventCountry "MNC"]
[SourceTitle "CB03_2024"]
[SourceDate "2024.01.17"]
[SourceVersion "1"]
[SourceVersionDate "2024.01.17"]
[SourceQuality "1"]

1. e4 c5 2. Nf3 Nc6 3. d4 cxd4 4. Nxd4 Nf6 5. Nc3 e5 6. Ndb5 d6 7. Bg5 a6 8. Na3 b5 9. Nd5 Be7 10. Bxf6 Bxf6 11. c4 b4 12. Nc2 0-0 13. g3 Bg5 14. Bg2 a5 15. 0-0 Kh8 16. Qd3 Be6 17. Rad1 Rc8 18. Kh1 f5 19. f4 Bh6 20. Nce3 g6 21. b3 Nd4 22. Nc2 Nxc2 23. Qxc2 fxe4 24. Bxe4 Bxd5 25. Rxd5 exf4 26. gxf4 Bxf4 27. Bxg6 Be5 28. Rfd1 Qf6 29. Be4 Qh4 30. R5d2 Rf4 31. Bd5 Rcf8 32. Rg1 Rf1 33. Rdg2 Rxg1+ 34. Rxg1 h6 35. Qg2 Qf6 36. Qg6 Qxg6 37. Rxg6 Rf1+ 38. Kg2 Ra1 39. Rxh6+ Kg7 40. Rh3 Rxa2+ 41. Kf1 Rxh2 42. Rxh2 Bxh2 1/2-1/2

[Event "Wch U18 Girls"]
[Site "Montesilvano"]
[Date "2023.11.15"]
[Round "3"]
[White "Oviedo Acosta, Paula"]
[Black "Follana Albelda, Lucia"]
[Result "1-0"]
[WhiteElo "1639"]
[BlackElo "1946"]
[PlyCount "125"]
[EventDate "2023.11.13"]
[EventType "swiss"]
[EventRounds "11"]
[EventCountry "ITA"]
[SourceTitle "CB48_2023"]
[SourceDate "2023.11.29"]
[SourceVersion "1"]
[SourceVersionDate "2023.11.29"]
[SourceQuality "1"]

1. e4 c5 2. Nf3 d6 3. d4 cxd4 4. Nxd4 Nf6 5. Nc3 a6 6. Bg5 Nbd7 7. g4 Ne5 8. h3 b5 9. f4 Ng6 10. Bg2 Bb7 11. Bxf6 Nxf4 12. Qf3 Nxg2+ 13. Qxg2 gxf6 14. 0-0-0 Bh6+ 15. Kb1 Bf4 16. Nce2 Be5 17. Nf5 Qb6 18. g5 Rg8 19. h4 Rg6 20. Rhf1 e6 21. Nh6 f5 22. Ng3 Rd8 23. Qe2 f4 24. Nh5 Qe3 25. Nxf4 Bxf4 26. Qxe3 Bxe3 27. Nxf7 e5 28. Nxd8 Kxd8 29. Rf6 Bc5 30. Rf5 Ke7 31. Re1 Rg7 32. a3 a5 33. Kc1 Bc8 34. Rf6 Bg4 35. Kd2 Bh5 36. c3 a4 37. Rh6 Bg6 38. Re2 Bf7 39. Rg2 Bc4 40. h5 d5 41. g6 hxg6 42. Rhxg6 Rf7 43. Rc6 Bd6 44. Ra6 Kd7 45. exd5 Bxd5 46. Rg6 Be6 47. h6 e4 48. Ra7+ Bc7 49. Rxc7+ Kxc7 50. Rxe6 Rf2+ 51. Ke3 Rxb2 52. Kxe4 Rh2 53. Kf5 Rh3 54. Kg6 Kd7 55. Re5 Rxc3 56. h7 Rc8 57. Rxb5 Kc6 58. Rb4 Kc5 59. Rxa4 Kb5 60. Rh4 Rc6+ 61. Kf7 Rc7+ 62. Ke6 Rc6+ 63. Kd7 1-0

[Event "Paterna 4th"]
[Site "Paterna"]
[Date "2023.09.25"]
[Round "4"]
[White "Follana Albelda, Lucia"]
[Black "Sanchez Corujo, Jose Ignacio"]
[Result "1-0"]
[WhiteElo "1855"]
[BlackElo "2171"]
[PlyCount "111"]
[EventDate "2023.09.25"]
[EventType "tourn"]
[EventRounds "7"]
[EventCountry "ESP"]
[SourceTitle "EXT 2024"]
[Source "ChessBase"]
[SourceDate "2023.10.10"]
[SourceVersion "1"]
[SourceVersionDate "2023.10.10"]
[SourceQuality "1"]

1. e4 c5 2. Nf3 e6 3. d4 cxd4 4. Nxd4 a6 5. c4 Nf6 6. Nc3 Qc7 7. Be3 Bb4 8. Bd3 Bxc3+ 9. bxc3 d6 10. 0-0 Nbd7 11. f4 Nc5 12. f5 Nxd3 13. Qxd3 e5 14. Ne2 Ng4 15. Bf2 Nxf2 16. Rxf2 Bd7 17. Rd1 Bc6 18. f6 g6 19. Ng3 0-0-0 20. Rfd2 h5 21. Nf1 Kb8 22. Ne3 Rc8 23. Rc2 Rhd8 24. Rb1 Rd7 25. Rcb2 Qd8 26. Nd5 Bxd5 27. Qxd5 Rcc7 28. Rb6 Qxf6 29. c5 Qe6 30. c6 Qxd5 31. exd5 Re7 32. Rxa6 e4 33. Rab6 Kc8 34. cxb7+ Rxb7 35. Rxb7 Rxb7 36. Rxb7 Kxb7 37. Kf2 g5 38. Ke3 f5 39. g3 Kb6 40. Kd4 Kb5 41. c4+ Kb4 42. a3+ Kxa3 43. c5 dxc5+ 44. Kc3 e3 45. Kd3 Kb3 46. d6 c4+ 47. Kxe3 Kb2 48. d7 c3 49. d8Q c2 50. Qb6+ Ka2 51. Qa5+ Kb3 52. Qb5+ Ka3 53. Qc4 Kb2 54. Qb4+ Kc1 55. Kd3 Kd1 56. Qb3 1-0

[Event "Paterna 4th"]
[Site "Paterna"]
[Date "2023.09.25"]
[Round "7"]
[White "Roca Galarza, Jose"]
[Black "Follana Albelda, Lucia"]
[Result "1-0"]
[WhiteElo "2275"]
[BlackElo "1855"]
[PlyCount "59"]
[EventDate "2023.09.25"]
[EventType "tourn"]
[EventRounds "7"]
[EventCountry "ESP"]
[SourceTitle "EXT 2024"]
[Source "ChessBase"]
[SourceDate "2023.10.10"]
[SourceVersion "1"]
[SourceVersionDate "2023.10.10"]
[SourceQuality "1"]

1. Nf3 Nf6 2. c4 e6 3. g3 b6 4. Bg2 Bb7 5. 0-0 Be7 6. Nc3 0-0 7. Re1 Ne4 8. Nxe4 Bxe4 9. d3 Bb7 10. e4 d6 11. d4 Nd7 12. b3 e5 13. Bb2 exd4 14. Nxd4 Bf6 15. e5 Bxg2 16. exf6 Bb7 17. fxg7 Re8 18. Nf5 Ne5 19. Bxe5 Rxe5 20. Rxe5 dxe5 21. Qg4 Qf6 22. Rd1 Re8 23. Rd7 Bc8 24. Ne7+ Qxe7 25. Rxe7 Bxg4 26. Rxe8+ Kxg7 27. Re7 Bf3 28. Rxc7 a6 29. Ra7 a5 30. Ra6 1-0

[Event "ESP-ch U18"]
[Site "Salobrena"]
[Date "2023.07.31"]
[Round "2"]
[White "Follana Albelda, Lucia"]
[Black "Rodriguez Avila, Alvaro"]
[Result "0-1"]
[WhiteElo "1922"]
[BlackElo "2103"]
[PlyCount "112"]
[EventDate "2023.07.31"]
[EventType "swiss"]
[EventRounds "9"]
[EventCountry "ESP"]
[SourceTitle "CBM 215 Extra"]
[Source "ChessBase"]
[SourceDate "2023.09.30"]
[SourceVersion "1"]
[SourceVersionDate "2023.09.30"]
[SourceQuality "1"]

1. e4 c5 2. Nf3 d6 3. d4 cxd4 4. Nxd4 Nf6 5. Nc3 Nc6 6. Bg5 e6 7. Qd2 a6 8. 0-0-0 Bd7 9. f4 b5 10. Bxf6 gxf6 11. Kb1 Qb6 12. Nxc6 Bxc6 13. f5 b4 14. Ne2 e5 15. Ng3 h5 16. h4 Bh6 17. Qxd6 Rd8 18. Qxd8+ Qxd8 19. Rxd8+ Kxd8 20. Nxh5 Ke7 21. g4 Bxe4 22. Rh3 Rg8 23. Rg3 Bf4 24. Nxf4 exf4 25. Rg1 Bxf5 26. Bxa6 Bxg4 27. b3 f5 28. Rf1 f3 29. Bb7 Kf6 30. Bxf3 Bxf3 31. Rxf3 Ke5 32. Rf1 f4 33. Kc1 Ke4 34. Re1+ Kf3 35. Re5 Kg2 36. Rf5 f3 37. Rxf7 f2 38. Kb2 f1Q 39. Rxf1 Kxf1 40. a3 bxa3+ 41. Kxa3 Ke2 42. b4 Kd2 43. Kb3 Rg4 44. h5 Ke3 45. Kc3 Rh4 46. b5 Ke4 47. Kc4 Ke5+ 48. Kc5 Ke6 49. Kc6 Rc4+ 50. Kb7 Kd6 51. b6 Rxc2 52. h6 Rh2 53. Ka8 Kc6 54. b7 Ra2+ 55. Kb8 Rb2 56. Ka8 Rxb7 0-1

[Event "Sitges Sunway op 9th"]
[Site "Sitges"]
[Date "2022.12.12"]
[Round "1"]
[White "Krasteva, Beloslava"]
[Black "Follana Albelda, Lucia"]
[Result "1-0"]
[WhiteElo "2350"]
[BlackElo "1938"]
[PlyCount "71"]
[EventDate "2022.12.12"]
[EventType "swiss"]
[EventRounds "10"]
[EventCountry "ESP"]
[SourceTitle "CBM 211 Extra"]
[Source "ChessBase"]
[SourceDate "2023.01.31"]
[SourceVersion "1"]
[SourceVersionDate "2023.01.31"]
[SourceQuality "1"]

1. d4 Nf6 2. Nf3 e6 3. Bg5 d5 4. e3 Be7 5. Nbd2 b6 6. Ne5 Bb7 7. Bd3 0-0 8. Bxf6 Bxf6 9. f4 Ba6 10. Bxa6 Nxa6 11. Ndf3 c5 12. h4 Bxe5 13. fxe5 Nb4 14. c3 Nc6 15. Ng5 Qe7 16. Qd3 g6 17. 0-0 h6 18. Nf3 Kg7 19. h5 Rac8 20. Rf2 Nb8 21. Raf1 Nd7 22. e4 dxe4 23. Qxe4 cxd4 24. cxd4 Rc4 25. hxg6 fxg6 26. Nh4 Qe8 27. Rxf8 Nxf8 28. Rf6 Rc1+ 29. Kh2 g5 30. Qg4 Rc2 31. d5 Qb8 32. Nf3 exd5 33. Qh5 Rc7 34. Rxh6 Qd8 35. Nxg5 Qe7 36. Rh7+ 1-0

[Event "Wch U18 Girls"]
[Site "Mamaia"]
[Date "2022.09.07"]
[Round "2"]
[White "Mkrtchyan, Mariam"]
[Black "Follana Albelda, Lucia"]
[Result "1-0"]
[WhiteElo "2294"]
[BlackElo "1992"]
[PlyCount "83"]
[EventDate "2022.09.06"]
[EventType "swiss"]
[EventRounds "11"]
[EventCountry "ROU"]
[SourceTitle "CBM 210 Extra"]
[Source "ChessBase"]
[SourceDate "2022.11.30"]
[SourceVersion "1"]
[SourceVersionDate "2022.11.30"]
[SourceQuality "1"]

1. d4 Nf6 2. c4 g6 3. g3 Bg7 4. Bg2 0-0 5. Nc3 d6 6. Nf3 Nc6 7. 0-0 e5 8. d5 Nb8 9. e4 a5 10. Re1 Na6 11. Rb1 Nc5 12. b3 Bd7 13. h3 Ne8 14. Be3 b6 15. a3 f5 16. exf5 Bxf5 17. Ra1 Nf6 18. g4 Bd7 19. Qc2 Kh8 20. b4 Na6 21. bxa5 bxa5 22. Rab1 Qe8 23. c5 Qf7 24. Ng5 Qg8 25. c6 Bc8 26. Rb5 h6 27. Nge4 h5 28. f3 Nxe4 29. Nxe4 Nb8 30. Qa4 Qf7 31. Reb1 Ba6 32. Rxa5 Bd3 33. Rxa8 Bxb1 34. Qb5 Bxe4 35. fxe4 Nd7 36. Rxf8+ Nxf8 37. a4 hxg4 38. hxg4 Qf6 39. g5 Qd8 40. a5 Nh7 41. a6 Nxg5 42. a7 1-0

[Event "ESP-chT CECLUB Div2"]
[Site "Linares"]
[Date "2022.08.26"]
[Round "6.6"]
[White "Gimenez Menchon, Cesar"]
[Black "Follana Albelda, Lucia"]
[Result "0-1"]
[WhiteElo "2205"]
[BlackElo "1999"]
[PlyCount "82"]
[EventDate "2022.08.22"]
[EventType "team-swiss"]
[EventRounds "7"]
[EventCountry "ESP"]
[SourceTitle "CBM 209 Extra"]
[Source "ChessBase"]
[SourceDate "2022.09.30"]
[SourceVersion "1"]
[SourceVersionDate "2022.09.30"]
[SourceQuality "1"]
[WhiteTeam "Grandama Santa Lucia"]
[BlackTeam "Mislata Lanjaron Discema"]
[WhiteTeamCountry "ESP"]
[BlackTeamCountry "ESP"]

1. e4 c5 2. c3 Nf6 3. e5 Nd5 4. Nf3 Nc6 5. Bc4 e6 6. 0-0 d6 7. d4 cxd4 8. cxd4 Be7 9. Qe2 0-0 10. Qe4 Bd7 11. Bb3 Rc8 12. Nc3 Nxc3 13. bxc3 dxe5 14. dxe5 Qa5 15. Bc2 g6 16. Bh6 Rfd8 17. Bb3 Qxc3 18. Rac1 Qa5 19. Qf4 Be8 20. Rc4 Nb4 21. Bg5 Rxc4 22. Bxc4 Bxg5 23. Nxg5 Qb6 24. Qh4 h5 25. Nf3 Rc8 26. Bb3 a5 27. Rb1 Nxa2 28. Qf4 Nc3 29. Qh6 Nxb1 30. h4 Qxb3 31. Ng5 Qb4 32. g3 Rc1+ 33. Kh2 Qe1 34. Qh7+ Kf8 35. Nxe6+ fxe6 36. Qh8+ Ke7 37. Qg7+ Kd8 38. Qf6+ Kc7 39. Qe7+ Kb6 40. Qd8+ Ka7 41. Qd4+ b6 0-1

[Event "Mislata op rapid"]
[Site "Mislata"]
[Date "2022.08.18"]
[Round "5"]
[White "Follana Albelda, Lucia"]
[Black "Sena Casas, Mateo"]
[Result "1-0"]
[WhiteElo "1870"]
[BlackElo "1724"]
[PlyCount "65"]
[EventDate "2022.08.15"]
[EventType "swiss (rapid)"]
[EventRounds "8"]
[EventCountry "ESP"]
[SourceTitle "EXT 2024"]
[Source "ChessBase"]
[SourceDate "2023.10.10"]
[SourceVersion "1"]
[SourceVersionDate "2023.10.10"]
[SourceQuality "1"]

1. e4 e5 2. Nf3 Nc6 3. Nc3 Nf6 4. d4 exd4 5. Nxd4 Bb4 6. Nxc6 bxc6 7. Bd3 Qe7 8. 0-0 0-0 9. Qf3 d5 10. exd5 Bxc3 11. bxc3 cxd5 12. Bg5 Be6 13. Rfe1 h6 14. Bh4 Rab8 15. Qe3 Rfe8 16. Qxa7 Rb6 17. Bxf6 gxf6 18. Qa4 Bd7 19. Rxe7 Bxa4 20. Rxe8+ Bxe8 21. a4 c5 22. a5 Rb7 23. c4 Bc6 24. cxd5 Bxd5 25. f3 Kf8 26. Be4 Bxe4 27. fxe4 Ke7 28. Kf2 Kd6 29. Ke3 Ke5 30. a6 Ra7 31. Kd3 Kd6 32. Kc4 Kc6 33. Rf1 1-0

[Event "Mislata op rapid"]
[Site "Mislata"]
[Date "2022.08.16"]
[Round "2"]
[White "Chernikov, Vladimir"]
[Black "Follana Albelda, Lucia"]
[Result "1-0"]
[WhiteElo "2258"]
[BlackElo "1870"]
[PlyCount "41"]
[EventDate "2022.08.15"]
[EventType "swiss (rapid)"]
[EventRounds "8"]
[EventCountry "ESP"]
[SourceTitle "EXT 2024"]
[Source "ChessBase"]
[SourceDate "2023.10.10"]
[SourceVersion "1"]
[SourceVersionDate "2023.10.10"]
[SourceQuality "1"]

1. d4 Nf6 2. Nf3 e6 3. Bf4 c5 4. e3 b6 5. Nbd2 d5 6. Ne5 Bb7 7. Bb5+ Nfd7 8. Qf3 Qf6 9. Ng4 Qe7 10. Bxb8 Rxb8 11. Ne5 Rd8 12. dxc5 bxc5 13. Qf4 c4 14. Nxd7 Rxd7 15. Qb8+ Qd8 16. Qxb7 Be7 17. Qxd7+ Qxd7 18. Bxd7+ Kxd7 19. Nf3 Bf6 20. c3 Rb8 21. 0-0-0 1-0

[Event "ESP-ch U18"]
[Site "Salobrena"]
[Date "2022.08.01"]
[Round "2"]
[White "Follana Albelda, Lucia"]
[Black "Ingunza Curro, Andres"]
[Result "0-1"]
[WhiteElo "2030"]
[BlackElo "2370"]
[PlyCount "120"]
[EventDate "2022.08.01"]
[EventType "swiss"]
[EventRounds "9"]
[EventCountry "ESP"]
[SourceTitle "EXT 2023"]
[Source "ChessBase"]
[SourceDate "2022.10.05"]
[SourceVersion "1"]
[SourceVersionDate "2022.10.05"]
[SourceQuality "1"]

1. e4 c5 2. Nf3 d6 3. d4 cxd4 4. Nxd4 Nf6 5. Nc3 Nc6 6. Bg5 Bd7 7. Qd2 Rc8 8. f4 h6 9. Bh4 a6 10. 0-0-0 e6 11. Bxf6 gxf6 12. Nf3 h5 13. Kb1 Be7 14. g3 Qa5 15. Bh3 b5 16. Rhe1 b4 17. Ne2 Qc5 18. f5 e5 19. Nc1 a5 20. Qe3 Qxe3 21. Rxe3 Na7 22. Bf1 a4 23. c3 bxc3 24. Rxc3 Rxc3 25. bxc3 Bc6 26. Nd2 Kd7 27. Nd3 Rb8+ 28. Kc2 d5 29. exd5 Bxd5 30. Nb2 Bc6 31. Be2 a3 32. Nbc4 Rh8 33. Nb3+ Kc7 34. Ne3 h4 35. Nd5+ Bxd5 36. Rxd5 hxg3 37. hxg3 Rh2 38. Rd2 Rg2 39. Bc4 Rxg3 40. Bxf7 Nc6 41. Be6 Bd6 42. Rd3 Rg5 43. Nd2 Rg2 44. Kd1 Nb8 45. Nc4 Bc5 46. Ne3 Bxe3 47. Rxe3 Na6 48. Re2 Rg3 49. Kc2 Nc5 50. Bd5 Na4 51. c4 Nc3 52. Rg2 Rh3 53. Rg7+ Kd6 54. Be6 Kc6 55. Rg8 Nxa2 56. c5 Nb4+ 57. Kc1 Rh1+ 58. Kd2 a2 59. Rc8+ Kb7 60. c6+ Nxc6 0-1

[Event "EU-ch Hybrid U16 Girls"]
[Site "Tornelo INT"]
[Date "2021.10.15"]
[Round "4"]
[White "Tsotsonava, Elene"]
[Black "Follana Albelda, Lucia"]
[Result "1/2-1/2"]
[WhiteElo "1887"]
[BlackElo "1904"]
[PlyCount "81"]
[EventDate "2021.10.15"]
[EventType "swiss"]
[EventRounds "9"]
[EventCountry "NET"]
[SourceTitle "EXT 2023"]
[Source "ChessBase"]
[SourceDate "2022.10.05"]
[SourceVersion "1"]
[SourceVersionDate "2022.10.05"]
[SourceQuality "1"]
[WhiteTeam "Georgia"]
[BlackTeam "Spain"]
[WhiteTeamCountry "GEO"]
[BlackTeamCountry "ESP"]

1. e4 c5 2. Nf3 d6 3. d4 cxd4 4. Nxd4 Nf6 5. Nc3 a6 6. Bg5 Nbd7 7. Qe2 h6 8. Bh4 g6 9. 0-0-0 e5 10. Nb3 Be7 11. Kb1 b5 12. a3 Bb7 13. f3 Rc8 14. g4 Kf8 15. Qd2 Kg7 16. g5 hxg5 17. Bxg5 Qc7 18. h4 Nb6 19. Na5 Ba8 20. Bxf6+ Bxf6 21. Qxd6 Bxh4 22. Qxc7 Rxc7 23. Rd6 Bf2 24. Rxh8 Kxh8 25. Nd5 Bxd5 26. exd5 Kg7 27. Rc6 Nxd5 28. Rxa6 Re7 29. Rd6 Nf4 30. Nc6 Re8 31. Bxb5 f5 32. Nb4 Rb8 33. Bc6 g5 34. Nd3 Nxd3 35. Rxd3 g4 36. fxg4 fxg4 37. b4 Kf6 38. c4 Kf5 39. Kc2 e4 40. Rd5+ Kf4 41. Rd7 1/2-1/2

[Event "ESP-chT CECLUB Div2"]
[Site "Linares"]
[Date "2021.08.10"]
[Round "2.4"]
[White "Follana Albelda, Lucia"]
[Black "Martin Carmona, Gaston Manuel"]
[Result "0-1"]
[WhiteElo "1948"]
[BlackElo "2333"]
[PlyCount "128"]
[EventDate "2021.08.09"]
[EventType "team-swiss"]
[EventRounds "7"]
[EventCountry "ESP"]
[SourceTitle "CBM 203 Extra"]
[Source "ChessBase"]
[SourceDate "2021.09.30"]
[SourceVersion "1"]
[SourceVersionDate "2021.09.30"]
[SourceQuality "1"]
[WhiteTeam "Alcoy Ajedrez"]
[BlackTeam "Prodomasa Coin"]
[WhiteTeamCountry "ESP"]
[BlackTeamCountry "ESP"]

1. e4 c5 2. Nf3 d6 3. d4 cxd4 4. Nxd4 Nf6 5. Nc3 g6 6. Be3 Nc6 7. f3 h5 8. Qd2 Nxd4 9. Bxd4 Bh6 10. Be3 Bxe3 11. Qxe3 Be6 12. Bb5+ Kf8 13. Rd1 Qa5 14. 0-0 Rc8 15. Bd3 Qc5 16. Rde1 g5 17. Kh1 Qxe3 18. Rxe3 Rc5 19. Rfe1 Nd7 20. g3 h4 21. Kg2 f6 22. Nd5 hxg3 23. hxg3 Bxd5 24. exd5 Ne5 25. Be4 Kf7 26. b3 a5 27. Rb1 Rc7 28. Ree1 Rc3 29. Rh1 Rxh1 30. Rxh1 f5 31. Bxf5 Rxf3 32. Rf1 Rxf1 33. Kxf1 Kf6 34. g4 Nf7 35. Ke2 Ke5 36. Ke3 Kxd5 37. Be4+ Kc5 38. Bxb7 d5 39. c3 e5 40. a3 d4+ 41. Kd3 dxc3 42. Kxc3 Nd6 43. b4+ Kb6 44. Bg2 Nb5+ 45. Kb3 Nd4+ 46. Kc4 a4 47. Kd5 Nc2 48. Kxe5 Nxa3 49. Bd5 Nc2 50. Bf7 Nxb4 51. Kf5 Kc5 52. Kxg5 Nd5 53. Bg6 a3 54. Bb1 Nc3 55. Kh6 Nxb1 56. g5 a2 57. g6 a1Q 58. g7 Qf6+ 59. Kh7 Qf7 60. Kh8 Qh5+ 61. Kg8 Kd6 62. Kf8 Qh6 63. Kf7 Qh7 64. Kf8 Nc3 0-1

[Event "ESP-ch U18"]
[Site "Salobrena"]
[Date "2021.07.30"]
[Round "8"]
[White "Perez Garcia, Jimena"]
[Black "Follana Albelda, Lucia"]
[Result "0-1"]
[WhiteElo "1843"]
[BlackElo "1911"]
[PlyCount "70"]
[EventDate "2021.07.26"]
[EventType "swiss"]
[EventRounds "9"]
[EventCountry "ESP"]
[SourceTitle "CBM 203 Extra"]
[Source "ChessBase"]
[SourceDate "2021.09.30"]
[SourceVersion "1"]
[SourceVersionDate "2021.09.30"]
[SourceQuality "1"]

1. d4 g6 2. c4 Bg7 3. Nc3 Nf6 4. e4 d6 5. f3 a6 6. Bg5 0-0 7. Qd2 Nbd7 8. Nh3 c6 9. a4 e5 10. d5 Nc5 11. Ra3 Bxh3 12. gxh3 a5 13. Be3 Na6 14. Rg1 Nh5 15. Ne2 Nb4 16. Rb3 c5 17. Nc1 Qd7 18. Ra3 Nf4 19. Na2 Nxh3 20. Bxh3 Qxh3 21. Rg3 Qd7 22. Nc3 f5 23. Rg2 fxe4 24. fxe4 Rf3 25. Nb5 Raf8 26. Qe2 R8f7 27. Rf2 Rxf2 28. Bxf2 Bf8 29. Kd2 Qe7 30. Rf3 Rf4 31. Bg3 Rxf3 32. Qxf3 Qg5+ 33. Qe3 Qh5 34. Qf2 Bh6+ 35. Kc3 Qd1 0-1